Sequential identification and ranking procedures : with special reference to Koopman-Darmois populations /

Guardado en:
Autor Principal: Bechhofer, Robert E. 1919-
Otros Autores: Kiefer, Jack, 1924-, Sobel, Milton, 1919-
Formato: Libro
Idioma:English
Publicado: Chicago : University of Chicago Press, 1968.
Series:Statistical research monographs ; v. 3
Etiquetas: Agregar Etiqueta
Sin Etiquetas, Sea el primero en etiquetar este registro!
LEADER 00783cam a22002055a 4500
001 MAT.inmabb002174
008 711005s1968####ilu######b####001#0#eng#d
005 20130326174011.0
245 1 0 |a Sequential identification and ranking procedures :  |b with special reference to Koopman-Darmois populations /  |c Robert E. Bechhofer, Jack Kiefer, Milton Sobel. 
260 |a Chicago :  |b University of Chicago Press,  |c 1968. 
300 |a xvii, 420 p. ;  |c 25 cm. 
440 0 |a Statistical research monographs ;  |v v. 3 
504 |a Bibliografía: p. [375]-392. 
510 4 |a MR,  |c 39 #6445 
100 1 |a Bechhofer, Robert E.  |q (Robert Eric),  |d 1919- 
700 1 |a Kiefer, Jack,  |d 1924- 
700 1 |a Sobel, Milton,  |d 1919- 
084 |a 62.31  |2 MR 
010 |a  67028463  
859 |h 62  |i B391  |p A-3833  |b BIB. MATEMATICA